Statistics: a fresh approach
Enregistré dans:
| Auteurs principaux: | , , |
|---|---|
| Format: | Livre |
| Langue: | anglais |
| Publié: |
Nueva York
McGraw-Hill
1980
|
| Édition: | 2a. ed |
| Sujets: | |
| Tags: |
Ajouter un tag
Pas de tags, Soyez le premier à ajouter un tag!
|
MARC
| LEADER | 00000nam a2200000 a 4500 | ||
|---|---|---|---|
| 001 | UCU2604 | ||
| 003 | CL-VaPUC | ||
| 008 | 960426e19800000US |||||||||||||||||eng|d | ||
| 082 | 0 | 4 | |a 519.5 |b SAN |2 21 |
| 100 | 0 | |a Sanders, Donald H |e author |9 358900 | |
| 700 | 0 | |a Murph, A. Franklin |e author |9 358901 | |
| 700 | 0 | |a Eng, Robert J |e author |9 358902 | |
| 245 | 1 | 0 | |a Statistics: a fresh approach |
| 250 | |a 2a. ed | ||
| 300 | |a v | ||
| 942 | |c BK | ||
| 945 | |d 19960426 00:00:00 |a cmena | ||
| 260 | |a Nueva York |b McGraw-Hill |c 1980 | ||
| 650 | 0 | |a Estadística |9 259535 | |
| 650 | 0 | |a Datos estadísticos |9 329380 | |
| 650 | 0 | |a Ciencias matemáticas |9 354013 | |
| 650 | 0 | |a Métodos estadísticos |9 259407 | |
| 650 | 0 | |a Métodos de investigación |9 262618 | |
| 650 | 0 | |a Teoría de probabilidades |9 336944 | |
| 583 | |a last modification |c 19960426 00:00:00 |k Rodrigo Vera | ||
| 999 | |c 246855 |d 246853 | ||
| 952 | |0 0 |1 0 |4 0 |6 519_500000000000000_SAN_1980 |7 0 |8 A |9 262176 |a BIBING |b BIBING |d 2019-11-19 |h v.1 |i 1649515 |o 519.5 SAN 1980 |p 1649515 |r 2025-01-20 |w 2019-11-19 |y BK |k ING | ||